Fontevraud-l'Abbaye - Choix multiples - Statistiques

Statistiques générales
  • Ce quiz a été pris 5 fois
  • Le résultat moyen est 7 sur 10
Statistiques - réponses
Question Réponse % Correct
Parmi les propositions suivantes concernant l'abbaye de Fontevraud, laquelle est exacte ? Il s'agissait d'une abbaye toujours dirigée par une abbesse avec des hommes et des femmes sous ses ordres.
100%
Quel fleuve coule à environ 3 ou 4 km au nord de Fontevraud ? La Loire
100%
Reconnaissez-vous l'abbaye de Fontevraud sur l'une des images suivante ?
80%
Parmi les personnalités suivantes, laquelle ne repose pas à Fontevraud-l'Abbaye ? Jean sans Terre
80%
Quel était le surnom de Renée de Bourbon à Fontevraud (1468-1534) ? La perle de Fontevraud
60%
Quelle rivière se jette dans le fleuve précédent à environ 5 km de Fontevraud-l'Abbaye ? La Vienne
60%
Quel roi confia à l'abbaye de Fontevraud ses quatre plus jeunes filles pour leur enseignement ? Louis XV
60%
Qui est le fondateur de l'abbaye de Fontevraud ? Robert d'Arbrissel
60%
Quelle spécialité artisanale de la biscuiterie "Les Douceurs du Terroir" est devenue emblématique de la commune ? Le macaron
40%
Qui transforma Fontevraud en prison après que les biens de l'abbaye fussent pillés et revendus et que les religieuses et moines fussent expulsés ? Napoléon Bonaparte
40%
Aucun quiz correspondant
Distribution des résultats
% des personnes avec chaque résultat
Percentile par nombre de réponses
Votre historique - résultats
Vous n’avez pas pris ce quiz